[Event "GRE Armed Forces-ch"]
[Site "Attica"]
[Date "2019.12.03"]
[Round "6.2"]
[White "Karountzos, Nikolaos"]
[Black "Pavlidou, Ekaterini"]
[Result "1-0"]
[WhiteElo "2113"]
[BlackElo "2182"]
[PlyCount "103"]
[EventDate "2019.12.02"]
[EventType "swiss"]
[EventRounds "9"]
[EventCountry "GRE"]
[SourceTitle "EXT 2024"]
[Source "ChessBase"]
[SourceDate "2023.10.10"]
[SourceVersion "1"]
[SourceVersionDate "2023.10.10"]
[SourceQuality "1"]

1. d4 Nf6 2. Bf4 d5 3. e3 e6 4. Nd2 c5 5. c3 Nc6 6. Ngf3 cxd4 7. exd4 Nh5 8. Be3 Qc7 9. Ne5 Nxe5 10. Qxh5 Nd7 11. Bd3 Nf6 12. Qe2 Bd7 13. 0-0 Bd6 14. f4 h5 15. c4 Bb4 16. c5 Bxd2 17. Bxd2 0-0-0 18. b4 Ne4 19. Be3 f5 20. a4 Be8 21. b5 Kd7 22. Qb2 Ke7 23. Bxe4 dxe4 24. d5 exd5 25. Qxg7+ Bf7 26. Bd4 Rhg8 27. Qf6+ Ke8 28. Qxf5 Qd7 29. Qxd7+ Kxd7 30. Kf2 Rg4 31. g3 Rdg8 32. Rg1 Be6 33. Rac1 Rc8 34. c6+ bxc6 35. bxc6+ Rxc6 36. Rxc6 Kxc6 37. Bxa7 Rg7 38. Bd4 Rb7 39. Rc1+ Kd7 40. a5 Rb4 41. Ke3 Ra4 42. Ra1 Rxa1 43. Bxa1 Kc6 44. Kd4 Kb5 45. Bc3 Bf7 46. Bd2 Be6 47. Ke5 Bf7 48. h3 Kc4 49. Be3 Kd3 50. a6 Kxe3 51. a7 d4 52. a8Q 1-0

[Event "Ambelokipi op 114th"]
[Site "Athens"]
[Date "2011.06.25"]
[Round "4"]
[White "Koukoufikis, Ioannis"]
[Black "Karountzos, Nikolaos"]
[Result "0-1"]
[WhiteElo "1730"]
[BlackElo "2097"]
[PlyCount "118"]
[EventDate "2011.06.04"]
[EventType "swiss"]
[EventRounds "7"]
[EventCountry "GRE"]
[SourceTitle "EXT 2024"]
[Source "ChessBase"]
[SourceDate "2023.10.10"]
[SourceVersion "1"]
[SourceVersionDate "2023.10.10"]
[SourceQuality "1"]

1. e4 g6 2. g3 Bg7 3. Bg2 d6 4. Nc3 c5 5. d3 Nc6 6. Be3 Nf6 7. f3 a6 8. Qd2 h5 9. Nge2 Be6 10. 0-0 Qd7 11. Nf4 Ne5 12. Nxe6 Qxe6 13. Nd5 Nxd5 14. exd5 Qc8 15. c3 h4 16. g4 h3 17. Bh1 Qd7 18. b3 f5 19. d4 cxd4 20. cxd4 Nf7 21. g5 f4 22. Bxf4 Qf5 23. Rae1 Qxd5 24. Re4 0-0-0 25. Rc1+ Kb8 26. Rxe7 Bxd4+ 27. Kf1 Qb5+ 28. Qe2 Qxe2+ 29. Kxe2 Rhe8 30. Rcc7 Rxe7+ 31. Rxe7 Ne5 32. Bxe5 Bxe5 33. Ke3 Bxh2 34. Kf2 Be5 35. f4 Rf8 36. Rxb7+ Kc8 37. Kg3 Bxf4+ 38. Kg4 h2 39. Ra7 Rf5 40. Rh7 Be5 41. Bb7+ Kb8 42. Bd5 Rf4+ 43. Kh3 Rf1 44. Kg2 Rg1+ 45. Kf2 Rxg5 46. Rb7+ Kc8 47. Rh7 Bd4+ 48. Kf3 Rxd5 49. Rxh2 Be5 50. Rg2 Kc7 51. Rxg6 Rd2 52. Ke4 Rxa2 53. Kd3 Kc6 54. Rg8 Kd5 55. Ra8 Rb2 56. Rxa6 Rxb3+ 57. Kc2 Rh3 58. Kd2 Ke4 59. Ra4+ Bd4 0-1

[Event "Ambelokipi op 112th"]
[Site "Athens"]
[Date "2011.04.16"]
[Round "3"]
[White "Karountzos, Nikolaos"]
[Black "Kamenets, Anatolij"]
[Result "0-1"]
[WhiteElo "2086"]
[BlackElo "2261"]
[PlyCount "110"]
[EventDate "2011.04.09"]
[EventType "swiss"]
[EventRounds "7"]
[EventCountry "GRE"]
[SourceTitle "EXT 2024"]
[Source "ChessBase"]
[SourceDate "2023.10.10"]
[SourceVersion "1"]
[SourceVersionDate "2023.10.10"]
[SourceQuality "1"]

1. e4 c6 2. d4 d5 3. f3 g6 4. c4 Bg7 5. Be3 dxe4 6. fxe4 c5 7. Nf3 Nf6 8. Nc3 Ng4 9. Bg1 cxd4 10. Bxd4 0-0 11. Bxg7 Kxg7 12. Qxd8 Rxd8 13. Nd5 Nc6 14. h3 Nf6 15. Nxf6 Kxf6 16. Rd1 Be6 17. Be2 Rxd1+ 18. Kxd1 Rd8+ 19. Kc2 Nd4+ 20. Nxd4 Rxd4 21. b3 b6 22. Bd3 Ke5 23. Re1 h5 24. Kc3 h4 25. b4 Bd7 26. a4 a5 27. b5 Bc8 28. Re2 Bb7 29. Bc2 f6 30. Re3 g5 31. Rd3 Rxd3+ 32. Bxd3 e6 33. Bc2 Bc8 34. Bd1 Kd6 35. Kd4 e5+ 36. Kc3 f5 37. exf5 Bxf5 38. Bh5 Kc5 39. Bf3 Be6 40. Be2 Bf7 41. Bd3 Bh5 42. Be4 Bd1 43. Bf5 Be2 44. Be6 e4 45. Bf5 Bd3 46. Bg6 Bb1 47. Bh5 e3 48. Bf3 Bf5 49. Bd5 e2 50. Kd2 Bd3 51. Bf3 Bxc4 52. Bxe2 Bb3 53. Kc3 Bxa4 54. Kb2 Bxb5 55. Bf3 Bc6 0-1

[Event "ESSPEP-chT"]
[Site "Kalamata"]
[Date "2010.??.??"]
[Round "5"]
[White "Istratescu, Andrei"]
[Black "Karountzos, Nikolaos"]
[Result "1-0"]
[WhiteElo "2607"]
[BlackElo "2049"]
[PlyCount "39"]
[EventDate "2010.02.26"]
[EventType "team-tourn"]
[EventRounds "5"]
[EventCountry "GRE"]
[SourceTitle "CBM 135 Extra"]
[Source "ChessBase"]
[SourceDate "2010.05.04"]
[SourceVersion "1"]
[SourceVersionDate "2010.05.04"]
[SourceQuality "1"]

1. e4 e6 2. d4 d5 3. Nc3 Nf6 4. Bg5 Bb4 5. e5 h6 6. Be3 Ne4 7. Qg4 g5 8. a3 h5 9. Qf3 Bxc3+ 10. bxc3 Nxc3 11. Bxg5 Qxg5 12. Qxc3 Nc6 13. Nf3 Qf4 14. Rb1 Rg8 15. g3 Qe4+ 16. Kd2 Rg4 17. Bh3 Qg6 18. Bxg4 hxg4 19. Nh4 Qe4 20. h3 1-0

[Event "ESSPEP-chT"]
[Site "Kalamata"]
[Date "2010.??.??"]
[Round "1"]
[White "Karountzos, Nikolaos"]
[Black "Mantikos, Konstantinos"]
[Result "1-0"]
[WhiteElo "2049"]
[BlackElo "1890"]
[PlyCount "71"]
[EventDate "2010.02.26"]
[EventType "team-tourn"]
[EventRounds "5"]
[EventCountry "GRE"]
[SourceTitle "CBM 135 Extra"]
[Source "ChessBase"]
[SourceDate "2010.05.04"]
[SourceVersion "1"]
[SourceVersionDate "2010.05.04"]
[SourceQuality "1"]

1. d4 Nf6 2. Bg5 e6 3. e4 h6 4. Bxf6 gxf6 5. Nc3 b6 6. Bd3 Bb7 7. Nge2 Nc6 8. a3 a6 9. Qd2 h5 10. f4 Bh6 11. g3 Ne7 12. 0-0-0 e5 13. d5 d6 14. Kb1 Qd7 15. Qe1 c6 16. fxe5 fxe5 17. dxc6 Bxc6 18. Qf2 b5 19. Qf6 Ng6 20. Nc1 Qe7 21. Qf2 Qa7 22. Qf3 Rf8 23. Qxh5 Qe3 24. Nb3 Rh8 25. Na5 Bd7 26. Nd5 Qa7 27. Nf6+ Ke7 28. Nxd7 Qxd7 29. Qf5 Be3 30. Rhf1 Qxf5 31. exf5 Nf8 32. Be4 Rc8 33. h4 Nd7 34. Nc6+ Kf6 35. Rxd6+ Kg7 36. Rxd7 1-0

[Event "ESSPEP-chT"]
[Site "Kalamata"]
[Date "2010.??.??"]
[Round "3"]
[White "Karountzos, Nikolaos"]
[Black "Yordanova, Svetla"]
[Result "1/2-1/2"]
[WhiteElo "2049"]
[BlackElo "2207"]
[PlyCount "133"]
[EventDate "2010.02.26"]
[EventType "team-tourn"]
[EventRounds "5"]
[EventCountry "GRE"]
[SourceTitle "CBM 135 Extra"]
[Source "ChessBase"]
[SourceDate "2010.05.04"]
[SourceVersion "1"]
[SourceVersionDate "2010.05.04"]
[SourceQuality "1"]

1. d4 Nf6 2. c4 e6 3. Nc3 Bb4 4. e3 b6 5. Bd3 Bb7 6. f3 0-0 7. Nge2 c5 8. 0-0 cxd4 9. exd4 d5 10. a3 Be7 11. Bg5 Nbd7 12. Rc1 Rc8 13. cxd5 Nxd5 14. Bxe7 Qxe7 15. Nxd5 Bxd5 16. Ba6 Rxc1 17. Qxc1 Nf6 18. Qc2 Bb7 19. Bxb7 Qxb7 20. Rc1 Nd5 21. Qc6 Qxc6 22. Rxc6 Rd8 23. Nc3 g6 24. Nxd5 Rxd5 25. Rc4 Kf8 26. Kf2 Ke7 27. Ke3 Kd7 28. g3 Rh5 29. h4 g5 30. hxg5 Rxg5 31. g4 h5 32. gxh5 Rxh5 33. Ra4 a5 34. b4 Kc6 35. bxa5 bxa5 36. Rc4+ Kb5 37. Rc3 Ka4 38. Ke4 Rb5 39. Rc7 f5+ 40. Kf4 Kxa3 41. Rc6 a4 42. Rxe6 Kb2 43. Re5 Rb4 44. Kxf5 Rxd4 45. Rb5+ Kc3 46. f4 Kc4 47. Rb1 a3 48. Ke5 Rd5+ 49. Ke6 Rb5 50. Ra1 Ra5 51. f5 Ra6+ 52. Ke7 Kd5 53. f6 Ra7+ 54. Kd8 Ke6 55. Kc8 Kxf6 56. Kb8 Ra4 57. Kb7 Ke5 58. Kb6 Kd4 59. Kb5 Ra8 60. Kb4 a2 61. Kb3 Kd3 62. Rd1+ Ke2 63. Ra1 Kd3 64. Rd1+ Ke2 65. Ra1 Kd2 66. Rxa2+ Rxa2 67. Kxa2 1/2-1/2

[Event "Ambelokipi op 097th"]
[Site "Athens"]
[Date "2009.06.06"]
[Round "5"]
[White "Karountzos, Nikolaos"]
[Black "Dekanozishvili, Tamaz"]
[Result "1-0"]
[WhiteElo "2044"]
[BlackElo "1870"]
[PlyCount "75"]
[EventDate "2009.06.06"]
[EventType "swiss"]
[EventRounds "6"]
[EventCountry "GRE"]
[SourceTitle "EXT 2024"]
[Source "ChessBase"]
[SourceDate "2023.10.10"]
[SourceVersion "1"]
[SourceVersionDate "2023.10.10"]
[SourceQuality "1"]

1. d4 d5 2. c4 Nf6 3. Nc3 c6 4. Nf3 e6 5. cxd5 exd5 6. Bg5 Be7 7. e3 Nbd7 8. Qc2 0-0 9. Bd3 Re8 10. 0-0 Nf8 11. a3 Ng6 12. Ne5 Nd7 13. Bxe7 Qxe7 14. Nxg6 hxg6 15. b4 Nf6 16. b5 Bd7 17. bxc6 Bxc6 18. Qb3 Rad8 19. a4 Ng4 20. h3 Nh6 21. g3 g5 22. Bb5 g4 23. Bxc6 bxc6 24. h4 Rd6 25. Qb4 f5 26. Ne2 Nf7 27. Rfb1 g5 28. Qb7 Qe4 29. Qxa7 gxh4 30. gxh4 Qf3 31. Rb7 Rf8 32. Rxf7 Rxf7 33. Qb8+ Kh7 34. Qxd6 Qxe2 35. Qe6 Rg7 36. Qxf5+ Kh6 37. Rc1 Rg6 38. h5 1-0

[Event "Ambelokipi op 093th "]
[Site "Athens"]
[Date "2009.01.21"]
[Round "4"]
[White "Karountzos, Nikolaos"]
[Black "Barbagiannis, Leonidas"]
[Result "1-0"]
[WhiteElo "2047"]
[BlackElo "1805"]
[PlyCount "46"]
[EventDate "2009.01.10"]
[EventType "swiss"]
[EventRounds "4"]
[EventCountry "GRE"]
[SourceTitle "EXT 2024"]
[Source "ChessBase"]
[SourceDate "2023.10.10"]
[SourceVersion "1"]
[SourceVersionDate "2023.10.10"]
[SourceQuality "1"]

1. e4 c6 2. d4 d5 3. exd5 cxd5 4. c4 Nf6 5. Nc3 Nc6 6. Nf3 Bg4 7. cxd5 Nxd5 8. Be2 e6 9. 0-0 Be7 10. Qb3 0-0 11. Nxd5 Qxd5 12. Qxd5 exd5 13. Be3 Bf6 14. Rfd1 Rfe8 15. Rac1 Re7 16. h3 Bd7 17. a3 Rae8 18. Rc5 Be6 19. Bb5 Rc7 20. Rdc1 Be7 21. Bxc6 Bxc5 22. Bxe8 Bd6 23. Rxc7 Bxc7 1-0

[Event "Chalkidiki op"]
[Site "Chalkidiki"]
[Date "2008.05.04"]
[Round "8"]
[White "Karountzos, Nikolaos"]
[Black "Breahna, Radu"]
[Result "0-1"]
[WhiteElo "2019"]
[BlackElo "2310"]
[PlyCount "62"]
[EventDate "2008.04.29"]
[EventType "swiss"]
[EventRounds "9"]
[EventCountry "GRE"]
[SourceTitle "CBM 123 Extra"]
[Source "ChessBase"]
[SourceDate "2008.05.06"]
[SourceVersion "1"]
[SourceVersionDate "2008.05.06"]
[SourceQuality "1"]

1. d4 Nf6 2. Bg5 c5 3. dxc5 Qa5+ 4. c3 Qxc5 5. Nf3 b6 6. Nbd2 Bb7 7. e3 e6 8. Bd3 Be7 9. Qc2 Qc7 10. Rd1 h6 11. Bf4 d6 12. h3 0-0 13. Ne4 Nd5 14. Bh2 Nd7 15. a3 f5 16. Ned2 Nc5 17. Bc4 Qd7 18. b4 Na4 19. Bxd5 Bxd5 20. c4 Rac8 21. Qb3 Ba8 22. c5 Bd5 23. Nc4 Bxc4 24. Qxc4 Nb2 25. Qd4 Nxd1 26. Qxd1 bxc5 27. bxc5 Rxc5 28. 0-0 Rfc8 29. Ne5 Qe8 30. Nd3 Rc3 31. Bf4 Qf7 0-1

[Event "Chalkidiki op"]
[Site "Chalkidiki"]
[Date "2008.04.30"]
[Round "3"]
[White "Gocheva, Rumiana B"]
[Black "Karountzos, Nikolaos"]
[Result "0-1"]
[WhiteElo "2204"]
[BlackElo "2019"]
[PlyCount "92"]
[EventDate "2008.04.29"]
[EventType "swiss"]
[EventRounds "9"]
[EventCountry "GRE"]
[SourceTitle "CBM 123 Extra"]
[Source "ChessBase"]
[SourceDate "2008.05.06"]
[SourceVersion "1"]
[SourceVersionDate "2008.05.06"]
[SourceQuality "1"]

1. e4 e6 2. Nf3 d5 3. e5 c5 4. b4 cxb4 5. a3 bxa3 6. d4 Nc6 7. c3 Bd7 8. Bd3 Nge7 9. Bxa3 Ng6 10. g3 Bxa3 11. Nxa3 a6 12. h4 b5 13. Nc2 Na5 14. 0-0 Nc4 15. Qc1 Qe7 16. Kg2 Nf8 17. Ne3 Bc6 18. Nd2 Nxd2 19. Qxd2 Nd7 20. f4 g6 21. Nc2 h5 22. Ra2 Nb6 23. Nb4 Qb7 24. f5 exf5 25. Qg5 Bd7 26. Rfa1 Na4 27. e6 Bxe6 28. Re1 Qc7 29. Qd2 Qd6 30. Nxa6 Qxa6 31. Rb1 Bd7 32. Qe2+ Qe6 33. Bxb5 Qxe2+ 34. Rxe2+ Kd8 35. Bxd7 Nxc3 36. Bc6 Rc8 37. Rb7 Rxc6 38. Ree7 Nb5 39. Rbd7+ Kc8 40. Rxf7 Rc7 41. Rxc7+ Nxc7 42. Rf6 Rg8 43. Kf3 Kd7 44. Kf4 Ke7 45. Ke5 Rg7 46. Rb6 g5 0-1

[Event "Glyfada Christmas op"]
[Site "Glyfada"]
[Date "2007.12.26"]
[Round "4"]
[White "Karountzos, Nikolaos"]
[Black "Managadze, Nikoloz"]
[Result "1/2-1/2"]
[WhiteElo "1962"]
[BlackElo "2428"]
[PlyCount "88"]
[EventDate "2007.12.21"]
[EventType "swiss"]
[EventRounds "7"]
[EventCountry "GRE"]
[SourceTitle "EXT 2024"]
[Source "ChessBase"]
[SourceDate "2023.10.10"]
[SourceVersion "1"]
[SourceVersionDate "2023.10.10"]
[SourceQuality "1"]

1. d4 d6 2. c4 e5 3. dxe5 dxe5 4. Qxd8+ Kxd8 5. Nc3 c6 6. e4 f6 7. Be3 Nd7 8. 0-0-0 Kc7 9. f4 Nh6 10. Be2 Nf7 11. Nf3 exf4 12. Bxf4+ Nde5 13. Rhf1 Be7 14. Nxe5 fxe5 15. Bg3 Bf6 16. Kc2 h5 17. Bh4 Rh6 18. Bxf6 gxf6 19. Rf2 Ng5 20. Rdf1 Nh7 21. Nd1 Be6 22. h4 Rd8 23. Ne3 Rd4 24. Bd3 Rg6 25. Kc3 Kd8 26. Nc2 Rd7 27. Ne3 Ke7 28. Be2 Rd4 29. Nc2 Rxe4 30. Bd3 Rg3 31. Rf3 Reg4 32. Bxh7 Rxc4+ 33. Kd3 Rxg2 34. Ne3 Rd4+ 35. Kc3 Rg7 36. Bf5 Bd5 37. Nxd5+ cxd5 38. Rd3 Rxd3+ 39. Kxd3 Rg3+ 40. Ke2 e4 41. Rd1 Rg2+ 42. Ke3 Rg3+ 43. Ke2 Rg2+ 44. Ke3 Rg3+ 1/2-1/2

[Event "Glyfada Christmas op"]
[Site "Glyfada"]
[Date "2007.12.23"]
[Round "3"]
[White "Delithanasis, Dimitrios"]
[Black "Karountzos, Nikolaos"]
[Result "0-1"]
[WhiteElo "2204"]
[BlackElo "1962"]
[PlyCount "88"]
[EventDate "2007.12.21"]
[EventType "swiss"]
[EventRounds "7"]
[EventCountry "GRE"]
[SourceTitle "EXT 2024"]
[Source "ChessBase"]
[SourceDate "2023.10.10"]
[SourceVersion "1"]
[SourceVersionDate "2023.10.10"]
[SourceQuality "1"]

1. e4 e5 2. Nf3 Nc6 3. Bc4 Nf6 4. d3 Bc5 5. Nc3 h6 6. a3 d6 7. Na4 Bb6 8. Nxb6 axb6 9. c3 0-0 10. Bb3 d5 11. Qe2 dxe4 12. dxe4 Qe7 13. Nh4 Na5 14. Ng6 Qd6 15. Ba2 Rd8 16. 0-0 Be6 17. Bxe6 Qxe6 18. Nh4 Nb3 19. Rb1 Nxc1 20. Rbxc1 Rd7 21. Nf5 Rad8 22. Rc2 g6 23. Nh4 Qc6 24. f3 Rd3 25. g3 R8d6 26. Kg2 Qd7 27. Rf2 Nh5 28. Qf1 Rd1 29. Qc4 Qd8 30. Rf1 R1d3 31. Re1 c6 32. Rf2 Qg5 33. Kf1 b5 34. Qc5 Nxg3+ 35. hxg3 Qxg3 36. Ng2 Qh2 37. Rfe2 Rxf3+ 38. Rf2 Rdf6 39. Rxf3 Rxf3+ 40. Qf2 Rxf2+ 41. Kxf2 h5 42. Re2 h4 43. Ke3 Qg3+ 44. Kd2 h3 0-1

[Event "Ambelokipi op 79th"]
[Site "Athens"]
[Date "2007.06.30"]
[Round "5"]
[White "Siomos, Nikolaos"]
[Black "Karountzos, Nikolaos"]
[Result "0-1"]
[WhiteElo "1816"]
[BlackElo "1937"]
[PlyCount "90"]
[EventDate "2007.06.18"]
[EventType "swiss"]
[EventRounds "7"]
[EventCountry "GRE"]
[SourceTitle "EXT 2008"]
[Source "ChessBase"]
[SourceDate "2007.11.25"]
[SourceVersion "1"]
[SourceVersionDate "2007.11.25"]
[SourceQuality "1"]

1. d4 d5 2. c4 c6 3. Nf3 Nf6 4. e3 Bf5 5. cxd5 Nxd5 6. Qb3 Qb6 7. Nbd2 Qxb3 8. axb3 Nb4 9. e4 Nc2+ 10. Kd1 Bxe4 11. Nxe4 Nxa1 12. d5 Nxb3 13. Be3 cxd5 14. Bb5+ Nc6 15. Neg5 f6 16. Kc2 Nba5 17. Ne6 Rc8 18. Kb1 Kf7 19. Ned4 e6 20. Rc1 Bd6 21. Ne2 a6 22. Ba4 b5 23. Bd1 Nc4 24. Bf4 e5 25. Bg3 Nb6 26. Nfd4 Nxd4 27. Nxd4 Rxc1+ 28. Kxc1 Rc8+ 29. Kb1 Nc4 30. Nf5 Nd2+ 31. Ka2 Bf8 32. Bg4 Rd8 33. Ne3 d4 34. Nd1 Ne4 35. Bf3 Nxg3 36. hxg3 f5 37. Bb7 e4 38. Kb3 a5 39. g4 g6 40. gxf5 gxf5 41. g4 Kf6 42. gxf5 Kxf5 43. Ba6 Rb8 44. Kc2 Bb4 45. b3 d3+ 0-1

[Event "Heraklio op-A 11th"]
[Site "Heraklion"]
[Date "2007.06.10"]
[Round "2"]
[White "Soultatis, Kostas"]
[Black "Karountzos, Nikolaos"]
[Result "1-0"]
[WhiteElo "2161"]
[BlackElo "1958"]
[PlyCount "63"]
[EventDate "2007.06.09"]
[EventType "swiss"]
[EventRounds "9"]
[EventCountry "GRE"]
[SourceTitle "EXT 2008"]
[Source "ChessBase"]
[SourceDate "2007.11.25"]
[SourceVersion "1"]
[SourceVersionDate "2007.11.25"]
[SourceQuality "1"]

1. d4 d5 2. c4 c6 3. Nc3 Nf6 4. Nf3 dxc4 5. g3 Bf5 6. Ne5 Nbd7 7. Nxc4 Nb6 8. Ne5 Nfd7 9. Nf3 Nf6 10. Bg2 Qc8 11. 0-0 Bh3 12. Qb3 Bxg2 13. Kxg2 e6 14. e4 Be7 15. a4 0-0 16. a5 Nbd7 17. Bf4 Nh5 18. Be3 c5 19. d5 e5 20. Rfd1 Kh8 21. d6 Bd8 22. Nd5 f5 23. Ne7 Bxe7 24. dxe7 Re8 25. Qf7 fxe4 26. Ng5 Nhf6 27. Qe6 h6 28. Nf7+ Kh7 29. Qf5+ g6 30. Qh3 h5 31. Ng5+ Kg7 32. Qe6 1-0

[Event "Ambelokipi op 78th"]
[Site "Athens"]
[Date "2007.06.02"]
[Round "7"]
[White "Karountzos, Nikolaos"]
[Black "Delithanasis, Dimitrios"]
[Result "0-1"]
[WhiteElo "1937"]
[BlackElo "2239"]
[PlyCount "54"]
[EventDate "2007.05.12"]
[EventType "swiss"]
[EventRounds "7"]
[EventCountry "GRE"]
[SourceTitle "EXT 2008"]
[Source "ChessBase"]
[SourceDate "2007.11.25"]
[SourceVersion "1"]
[SourceVersionDate "2007.11.25"]
[SourceQuality "1"]

1. Nf3 Nc6 2. g3 e5 3. d3 d5 4. Bg2 f5 5. 0-0 Nf6 6. a3 Bd6 7. b4 0-0 8. Bb2 Qe8 9. Nfd2 Be6 10. c4 Rd8 11. cxd5 Nxd5 12. Nc3 Nf6 13. Nb5 Qh5 14. e3 Qh6 15. Qe2 Bf7 16. Nxd6 cxd6 17. b5 Ne7 18. a4 Bh5 19. Bf3 Bg4 20. Rfe1 Ned5 21. Bxd5+ Nxd5 22. f3 Bh5 23. e4 Nb4 24. Qd1 Kh8 25. Ra3 fxe4 26. dxe4 d5 27. g4 dxe4 0-1

[Event "Ambelokipi op 77th"]
[Site "Athens"]
[Date "2007.04.28"]
[Round "5"]
[White "Koerant, Filipos"]
[Black "Karountzos, Nikolaos"]
[Result "1-0"]
[WhiteElo "2107"]
[BlackElo "1937"]
[PlyCount "103"]
[EventDate "2007.04.14"]
[EventType "swiss"]
[EventRounds "7"]
[EventCountry "GRE"]
[SourceTitle "EXT 2008"]
[Source "ChessBase"]
[SourceDate "2007.11.25"]
[SourceVersion "1"]
[SourceVersionDate "2007.11.25"]
[SourceQuality "1"]

1. Nf3 Nf6 2. e3 d5 3. b3 Bg4 4. Be2 e6 5. Bb2 Bd6 6. 0-0 Nbd7 7. c4 c6 8. Nc3 0-0 9. h3 Bh5 10. cxd5 exd5 11. Nd4 Bxe2 12. Qxe2 Re8 13. Nf5 Bf8 14. d3 g6 15. Nd4 c5 16. Nf3 d4 17. Nd1 dxe3 18. Nxe3 Nd5 19. Qd2 Bh6 20. Rae1 Nxe3 21. fxe3 Nf6 22. Ne5 Bg7 23. Rf3 Qc7 24. Nc4 Nh5 25. Ref1 Bxb2 26. Rxf7 Qxf7 27. Rxf7 Kxf7 28. Nd6+ Ke7 29. Nxe8 Be5 30. g4 Ng3 31. Qg2 Rxe8 32. Qxb7+ Kd8 33. Qd5+ Kc7 34. Qxc5+ Kd7 35. Qb5+ Kd8 36. Qd5+ Kc7 37. Qf7+ Kd8 38. Qd5+ Kc7 39. Qc5+ Kd7 40. Qxa7+ Bc7 41. Kg2 Rf8 42. Qd4+ Kc6 43. Qc4+ Kd7 44. Qd5+ Ke7 45. Qb7 Kd8 46. Qa8+ Ke7 47. Qc6 Kd8 48. a4 Ne2 49. Qc2 Ng3 50. a5 Nf1 51. Qc5 Rf6 52. Qg5 1-0

[Event "Ambelokipi op 75th"]
[Site "Athens"]
[Date "2007.01.24"]
[Round "4"]
[White "Karountzos, Nikolaos"]
[Black "Poteas, Ioannis"]
[Result "0-1"]
[WhiteElo "1937"]
[BlackElo "2163"]
[PlyCount "136"]
[EventDate "2007.01.13"]
[EventType "swiss"]
[EventRounds "7"]
[EventCountry "GRE"]
[SourceTitle "CBM 116 Extra"]
[Source "ChessBase"]
[SourceDate "2007.03.07"]
[SourceVersion "1"]
[SourceVersionDate "2007.03.07"]
[SourceQuality "1"]

1. d4 e6 2. Nf3 d5 3. Bg5 Be7 4. Bxe7 Qxe7 5. c3 Nd7 6. Nbd2 Ngf6 7. Qc2 e5 8. dxe5 Nxe5 9. Nxe5 Qxe5 10. Nf3 Qe7 11. e3 0-0 12. Be2 Bg4 13. Nd4 c5 14. Nf5 Bxf5 15. Qxf5 d4 16. Qd3 dxe3 17. Qxe3 Qxe3 18. fxe3 Rfe8 19. Kf2 Re7 20. Bf3 g5 21. g3 Rae8 22. Rhe1 g4 23. Bg2 Nd7 24. Rad1 Ne5 25. b3 c4 26. Be4 Re6 27. Rf1 Rb6 28. Bd5 Kg7 29. Rd4 cxb3 30. axb3 Rc8 31. Rc1 Rc7 32. Ke2 Rh6 33. h4 gxh3 34. Rh4 Rxh4 35. gxh4 h5 36. c4 Re7 37. Rh1 h2 38. Rxh2 Ng4 39. Rh3 f5 40. Bg2 f4 41. e4 Ne5 42. Bf3 Kh6 43. Rh1 Rd7 44. Rg1 Rd3 45. Bxh5 Rxb3 46. Rg5 Re3+ 47. Kf1 Rxe4 48. Be8 f3 49. Kf2 Nd3+ 50. Kxf3 Rxe8 51. Rd5 Ne5+ 52. Kf4 Nxc4 53. Rd7 Rb8 54. Rc7 b5 55. Rxa7 b4 56. Ra6+ Rb6 57. Rxb6+ Nxb6 58. Ke4 b3 59. Kd3 Na4 60. Kd2 Kh5 61. Kc1 Kxh4 62. Kb1 Kg4 63. Ka1 Kf4 64. Kb1 Ke4 65. Ka1 Kd3 66. Kb1 Kc3 67. Ka1 Kb4 68. Kb1 Ka3 0-1

[Event "Ambelokipi op 72nd"]
[Site "Athens"]
[Date "2006.10.14"]
[Round "3"]
[White "Karountzos, Nikolaos"]
[Black "Delithanasis, Dimitrios"]
[Result "0-1"]
[WhiteElo "1930"]
[BlackElo "2264"]
[PlyCount "104"]
[EventDate "2006.10.12"]
[EventType "swiss"]
[EventRounds "7"]
[EventCountry "GRE"]
[SourceTitle "EXT 2008"]
[Source "ChessBase"]
[SourceDate "2007.11.25"]
[SourceVersion "1"]
[SourceVersionDate "2007.11.25"]
[SourceQuality "1"]

1. d4 d5 2. Bg5 c6 3. Nf3 h6 4. Bh4 Nd7 5. e3 Ngf6 6. c4 e6 7. a3 Be7 8. Nc3 0-0 9. cxd5 Nxd5 10. Bxe7 Qxe7 11. Nxd5 exd5 12. Bd3 a5 13. Qc2 a4 14. 0-0 Nf6 15. Ne5 Ng4 16. Nxg4 Bxg4 17. Bf5 Bxf5 18. Qxf5 Rfe8 19. Rfc1 Ra5 20. Rc3 Rb5 21. Qc2 Qe4 22. Rc1 f5 23. Qxe4 fxe4 24. R1c2 Ra8 25. Rc5 Rb3 26. R5c3 Rb6 27. Rc5 Raa6 28. Kf1 Rb3 29. R5c3 Rxc3 30. Rxc3 Rb6 31. Rc2 Kf7 32. Ke2 Ke6 33. Kd2 Kd6 34. Kc1 Rb5 35. Rc3 b6 36. b4 axb3 37. Kb2 Ra5 38. Rxb3 Kc7 39. f3 Ra8 40. fxe4 dxe4 41. Rc3 Rf8 42. Rc2 Rf1 43. Re2 Kd6 44. h3 g5 45. Kc2 Kd5 46. g4 Rf3 47. Kd2 Rxh3 48. Rf2 Kc4 49. Rf6 Rh2+ 50. Ke1 Kd3 51. Rxc6 Kxe3 52. Kd1 Kd3 0-1

[Event "Ambelokipi op 71st"]
[Site "Athens"]
[Date "2006.09.13"]
[Round "2"]
[White "Karountzos, Nikolaos"]
[Black "Kostouros, Alexandros"]
[Result "1/2-1/2"]
[WhiteElo "1930"]
[BlackElo "2177"]
[PlyCount "106"]
[EventDate "2006.09.09"]
[EventType "swiss"]
[EventRounds "7"]
[EventCountry "GRE"]
[SourceTitle "EXT 2007"]
[Source "ChessBase"]
[SourceDate "2006.11.23"]
[SourceVersion "1"]
[SourceVersionDate "2006.11.23"]
[SourceQuality "1"]

1. f4 d5 2. Nf3 c5 3. e3 Nc6 4. d4 Bf5 5. Bd3 Bxd3 6. Qxd3 c4 7. Qe2 e6 8. c3 f5 9. 0-0 Nf6 10. Bd2 b5 11. Ne5 Qb6 12. a3 Na5 13. Be1 Nb3 14. Bh4 Nxa1 15. Bxf6 h5 16. Bh4 Nb3 17. Qf3 Bd6 18. Qg3 Bxe5 19. Qg6+ Kf8 20. fxe5 Rh6 21. Be7+ Kg8 22. Qg5 Kf7 23. Rf3 Rg8 24. Rg3 Qb8 25. h4 Qe8 26. Bd6 Qd8 27. Qf4 g5 28. hxg5 Rhg6 29. Qh4 Rxg5 30. Bc7 Rxg3 31. Bxd8 Rxg2+ 32. Kf1 Rg1+ 33. Kf2 R8g2+ 34. Kf3 Kg8 35. Qxh5 Rg3+ 36. Kf2 Rg6 37. Bf6 Kf8 38. Qh8+ Rg8 39. Qh6+ Ke8 40. Qh5+ R1g6 41. Qh7 Rg2+ 42. Kf1 Rg1+ 43. Kf2 R8g2+ 44. Kf3 Rg3+ 45. Kf2 R1g2+ 46. Kf1 Kf8 47. Qe7+ Kg8 48. Qe8+ Kh7 49. Qh5+ Kg8 50. Qh8+ Kf7 51. Qh7+ Kf8 52. Qe7+ Kg8 53. Qe8+ Kh7 1/2-1/2